Marvel Characters Sudden Death - Statistics

General Stats
  • This quiz has been taken 79 times
  • The average score is 8 of 19
Answers on the Grid
Answers color-coded by a green-red scale on the quiz's grid according to % correct below.
Spider-Man
Multiple Man
Captain Britain
Nova
The Signal
Wonder Girl
Power Man
Adam Warlock
Power Girl
Chameleon
Rainbow Raider
Impulse
King Shark
Groot
Ghost
Riot
Namor
Kaecilius
Black Bolt
Abomination
Wizard
Polka-Dot Man
Blackguard
Tinkerer
The Spot
Amadeus Cho
White Tiger
Harvey Bullock
Invinsible
The Deep
 
Answer Stats
Answer % Correct
Spider-Man
98%
Groot
80%
Namor
63%
Abomination
57%
Adam Warlock
57%
Nova
50%
Ghost
48%
Captain Britain
42%
Chameleon
42%
Black Bolt
40%
The Spot
40%
Kaecilius
37%
White Tiger
33%
Amadeus Cho
32%
Power Man
28%
Tinkerer
28%
Riot
25%
Multiple Man
23%
Wizard
13%
No matching quizzes found
Score Distribution
Percent of People with Each Score
Percentile by Number Answered
Your Score History
You have not taken this quiz